<?xml version="1.0" encoding="UTF-8"?>
<collection xmlns:xsi="http://www.w3.org/2001/XMLSchema-instance" xsi:schemaLocation="http://www.loc.gov/MARC21/slim http://www.loc.gov/standards/marcxml/schema/MARC21slim.xsd" xmlns="http://www.loc.gov/MARC21/slim">
 <record>
  <leader>00000cgc a22000004i 4500</leader>
  <controlfield tag="001">UP-99796217611306189</controlfield>
  <controlfield tag="003">Buklod</controlfield>
  <controlfield tag="005">20140610101914.0</controlfield>
  <controlfield tag="006">m    |o  d |      </controlfield>
  <controlfield tag="007">ta</controlfield>
  <controlfield tag="008">140610s2010    xx     d||| |     ||   ||</controlfield>
  <datafield tag="035" ind1=" " ind2=" ">
   <subfield code="a">(iLib)UPD-00221205276</subfield>
  </datafield>
  <datafield tag="040" ind1=" " ind2=" ">
   <subfield code="a">DMC</subfield>
   <subfield code="e">rda</subfield>
  </datafield>
  <datafield tag="041" ind1=" " ind2=" ">
   <subfield code="a">tag</subfield>
  </datafield>
  <datafield tag="042" ind1=" " ind2=" ">
   <subfield code="a">DMLUC</subfield>
  </datafield>
  <datafield tag="245" ind1="0" ind2="4">
   <subfield code="a">Ang Darling kong Aswang</subfield>
   <subfield code="c">OctoArts Films presents; story and screenplay by Marvic C. Sotto; directed by Tony Y. Reyes.</subfield>
  </datafield>
  <datafield tag="264" ind1=" " ind2="0">
   <subfield code="a">[Place of production not identified]</subfield>
   <subfield code="b">OctoArts Films</subfield>
   <subfield code="c">[2010]</subfield>
  </datafield>
  <datafield tag="300" ind1=" " ind2=" ">
   <subfield code="a">1 videodsic (117 minutes)</subfield>
   <subfield code="b">sound, color</subfield>
   <subfield code="c">4 3/4 inches</subfield>
  </datafield>
  <datafield tag="336" ind1=" " ind2=" ">
   <subfield code="a">two-dimentional moving image</subfield>
   <subfield code="2">rda</subfield>
  </datafield>
  <datafield tag="337" ind1=" " ind2=" ">
   <subfield code="a">video</subfield>
   <subfield code="2">rdamedia</subfield>
  </datafield>
  <datafield tag="338" ind1=" " ind2=" ">
   <subfield code="a">videodisc</subfield>
   <subfield code="2">rdacarrier</subfield>
  </datafield>
  <datafield tag="340" ind1=" " ind2=" ">
   <subfield code="a">Optical disc.</subfield>
  </datafield>
  <datafield tag="508" ind1=" " ind2=" ">
   <subfield code="a">Produced by Orly Ilacad, Marvic C. Sotto, Antonio P. Tuviera; music by Jesse Lasaten; cinematography by Lito Mempin.</subfield>
  </datafield>
  <datafield tag="511" ind1="0" ind2=" ">
   <subfield code="a">Vic Sotto, Cristine Reyes, Dante Rivero, Jean Garcia, Agot Isidro, Rafael Rosell.</subfield>
  </datafield>
  <datafield tag="520" ind1=" " ind2=" ">
   <subfield code="a">Eliza (Cristine Reyes) is the kind of aswang who is reluctant in eating human flesh.  When Joaquin (Refael Rosell), a wicked aswang pressures her into marrying him or she and her mother Ida (Agot Isidro) will face tragic consequences, Eliza escapes to the city where a widower named Victor (Vic Sotto) lives.  Victor keeps his distance from women, focusing only on his two daughters, but this changes when he meets Eliza. They eventually become sweethearts.  Eliza also tells Victor about her true identity, but this does not stop Victor from marrying her.  Their bliss, however, is short-lived as Joaquin has captured Ida, forcing Eliza to leave Victor to save her mother.  But Victor discovers something about himself, which could help bring Eliza back to him.</subfield>
  </datafield>
  <datafield tag="538" ind1=" " ind2=" ">
   <subfield code="a">DVD</subfield>
  </datafield>
  <datafield tag="546" ind1=" " ind2=" ">
   <subfield code="a">In Tagalog</subfield>
  </datafield>
  <datafield tag="630" ind1="0" ind2="0">
   <subfield code="a">Ang Darling kong Aswang (Motion picture).</subfield>
  </datafield>
  <datafield tag="650" ind1=" " ind2="0">
   <subfield code="a">Comedy.</subfield>
  </datafield>
  <datafield tag="700" ind1="1" ind2=" ">
   <subfield code="a">Sotto, Vic</subfield>
   <subfield code="e">actor.</subfield>
  </datafield>
  <datafield tag="700" ind1="1" ind2=" ">
   <subfield code="a">Reyes, Cristine</subfield>
   <subfield code="e">actor.</subfield>
  </datafield>
  <datafield tag="700" ind1="1" ind2=" ">
   <subfield code="a">Rivero, Dante</subfield>
   <subfield code="e">actor.</subfield>
  </datafield>
  <datafield tag="700" ind1="1" ind2=" ">
   <subfield code="a">Ramos, Wendell</subfield>
   <subfield code="e">actor.</subfield>
  </datafield>
  <datafield tag="700" ind1="1" ind2=" ">
   <subfield code="a">Reyes, Tony Y.</subfield>
   <subfield code="e">film director.</subfield>
  </datafield>
  <datafield tag="905" ind1=" " ind2=" ">
   <subfield code="a">FI</subfield>
  </datafield>
  <datafield tag="852" ind1="0" ind2=" ">
   <subfield code="a">UPD</subfield>
   <subfield code="b">DMC</subfield>
  </datafield>
  <datafield tag="942" ind1=" " ind2=" ">
   <subfield code="a">Visual Material</subfield>
  </datafield>
 </record>
</collection>
